000 01492 a2200241 4500
001 21245
003 AR-UNSa-BCEJYS
005 20260526141035.0
008 260407a2011 arg spa d
020 _a978-987-660-085-9
040 _aAR-UNSa-BCEJYS
_bspa
_cAR-UNSa-BCEJYS
041 _aspa
080 _a658.16
_xReorganización financiera (Proyectos de inversión)
100 1 _aTapia, Gustavo N.
245 1 0 _aConducción estratégica para la evaluación de proyectos de inversión
_pevaluación comercial de proyectos
264 1 _aBuenos Aires :
_bEDICON (Fondo Editorial Consejo)
_c2011
300 _a456 p.
_c28 cm.
505 _a1. Análisis estratégico de las decisiones de inversión - 2. Presentación y elaboración de proyectos - 3. Etapas y gestión - 4. Rentabilidad comercial - 5. Rentabilidad comercial - 6. Temáticas específicas vinculadas a proyectos de inversión y flujo de fondos - 7. Escenarios y sensibilidad - 8. Casos de aplicación sobre escenarios - 9. Financiación de proyectos de inversión - 10. Financiación de proyectos. Ejercicios y casos de aplicación - 11. Los enfoques de valuación de empresas - 12. Valuación por múltiplos - 13. Aspectos sobre rentabilidad social en los proyectos de inversión - 14. Plan de negocios - 15. Epílogo
590 _aniveau_biblio:m niveau_hierar:0
700 1 _aAire, Carlos
856 4 1 _uhttps://www.biblioeco.unsa.edu.ar/pmb/images/libros/L119255.jpg
_yImagen de portada
_qimage/jpeg
942 _cBK
_2ddc
999 _c794
_d794